000 01429nam a22004097a 4500
001 000100002
003 CHAP
005 20220817044258.0
008 090703s2006 it rn 00010 esp d
010 _a96465
011 _a97437
020 _a9789253056323
035 _a108105
040 _cCHAP
082 0 4 _a641
_bF3 v.88
110 2 _aFAO
245 1 0 _aFomento de la participación de los países en desarrollo en las actividades de asesoramiento cientpifico de la FAO/OMS. Informe de una reunión conjunta FAO/OMS Belgrado (Serbia y Montenegro) 12-15 diciembre de 2005 /
_c/por FAO.
260 _aRoma :
_bFAO,
_c2006.
300 _avii, 51 p. :
_bcuadros.
490 0 _aAlimentación y nutrición
_v; 88
590 _aBATCH-UPD
_b10
_c20130110
_lUCH01
_h1029
590 _aBATCH-UPD
_b10
_c20130410
_lUCH01
_h0632
590 _aBATCH-UPD
_b10
_c20130914
_lUCH01
_h0217
590 _aCONVERSION
_b10
_c20130109
_lUCH01
_h1353
590 _aE11695DGD
_b10
_c20150602
_lUCH01
_h1205
650 1 4 _aAlimentos
_xCalidad.
650 1 4 _aAlimentos
_xHigiene.
_94224
650 1 4 _aCiencia y sociedad.
_923155
650 1 4 _aCientificos
_xpaíses subdesarrollados.
_923245
650 1 4 _aDesarrollo económico.
650 1 4 _aPolítica agrícola.
_990283
650 1 4 _aPolítica científica
_xPaíses subdesarrollados.
_990468
830 0 0 _aAlimentacion y nutricion
_v; 88
_94112
901 _aBK
942 _cLIBRO
942 _n0
999 _c96465
_d96465